Countries of Europe by Population - Statistics

General Stats
  • This quiz has been taken 179,098 times
  • The average score is 33 of 45
Answer Stats
Population Country % Correct
69.3 m F France
99%
83.8 m G Germany
99%
144 m R Russia
99%
70.2 m U United Kingdom
98%
47.9 m S Spain
96%
59.1 m I Italy
95%
38.0 m P Poland
93%
39.5 m U Ukraine
93%
18.9 m R Romania
90%
11.8 m B Belgium
89%
18.6 m N Netherlands
88%
9.61 m H Hungary
83%
9.92 m G Greece
82%
10.4 m P Portugal
82%
10.7 m S Sweden
82%
6.12 m D Denmark
78%
5.62 m F Finland
78%
1000 V Vatican City
77%
9.11 m A Austria
75%
10.6 m C Czech Republic
75%
8.98 m B Belarus
72%
5.64 m N Norway
70%
34 k S San Marino
70%
83 k A Andorra
69%
40 k L Liechtenstein
69%
5.33 m I Ireland
68%
38 k M Monaco
68%
1.34 m E Estonia
67%
2.81 m L Lithuania
67%
3.84 m C Croatia
66%
8.98 m S Switzerland
66%
6.70 m B Bulgaria
65%
1.85 m L Latvia
65%
5.46 m S Slovakia
65%
6.67 m S Serbia
64%
1.67 m K Kosovo
63%
683 k L Luxembourg
63%
2.76 m A Albania
60%
3.13 m B Bosnia and Herzegovina
60%
547 k M Malta
60%
2.12 m S Slovenia
59%
400 k I Iceland
58%
2.98 m M Moldova
55%
629 k M Montenegro
54%
1.81 m N North Macedonia
52%
No matching quizzes found
Score Distribution
Percent of People with Each Score
Percentile by Number Answered
Your Score History
You have not taken this quiz